ბათუმის შოთა რუსთაველის სახელმწიფო უნივერსიტეტის ბიბლიოთეკა

ვიტია კორობკოვი-პიონერი, პარტიზანი (ბიბ.ჩანაწერი № 49793)

000 -LEADER
fixed length control field 00891nam a2200229Ia 4500
001 - CONTROL NUMBER
control field 16728
003 - CONTROL NUMBER IDENTIFIER
control field GE_BSU
008 - FIXED-LENGTH DATA ELEMENTS--GENERAL INFORMATION
fixed length control field 181216s||||||||xx |||||||||||||| ||und||
040 ## - CATALOGING SOURCE
Transcribing agency GE_BSU
080 ## - UNIVERSAL DECIMAL CLASSIFICATION NUMBER
Universal Decimal Classification number 82-93:821.161.1-32
100 ## - MAIN ENTRY--PERSONAL NAME
Personal name ერშოვი, იაკობ
245 ## - TITLE STATEMENT
Title ვიტია კორობკოვი-პიონერი, პარტიზანი
245 ## - TITLE STATEMENT
Remainder of title მოთხრობა.უფრ. სასკოლო ასაკის ბავშვთათვის
245 ## - TITLE STATEMENT
Statement of responsibility, etc. მთარგმნ. გ. მოისწრაფიშვილი
260 ## - PUBLICATION, DISTRIBUTION, ETC.
Place of publication, distribution, etc. ბათუმი
260 ## - PUBLICATION, DISTRIBUTION, ETC.
Name of publisher, distributor, etc. საბჭ. აჭარა
260 ## - PUBLICATION, DISTRIBUTION, ETC.
Date of publication, distribution, etc. 1975
300 ## - PHYSICAL DESCRIPTION
Extent 267გვ. ; 21სმ
653 ## - INDEX TERM--UNCONTROLLED
Uncontrolled term ვიტია კორობკოვი-პიონერი, პარტიზანი
653 ## - INDEX TERM--UNCONTROLLED
Uncontrolled term მოთხრობა
942 ## - ADDED ENTRY ELEMENTS (KOHA)
Koha item type წიგნი
ეგზემპლარები
Withdrawn status Lost status Damaged status Not for loan Date acquired Barcode Date last seen Price effective from Koha item type
        2018-12-17 21240 2018-12-17 2018-12-17 წიგნი
        2018-12-17 21241 2018-12-17 2018-12-17 წიგნი
        2018-12-17 21242 2018-12-17 2018-12-17 წიგნი
        2018-12-17 21243 2018-12-17 2018-12-17 წიგნი
        2018-12-17 21244 2018-12-17 2018-12-17 წიგნი
        2018-12-17 21245 2018-12-17 2018-12-17 წიგნი
        2018-12-17 21246 2018-12-17 2018-12-17 წიგნი